[Event "Challenge"]
[Site "http://www.queenalice.com/game.php?id=598144"]
[Date "2009.6.4"]
[Round "-"]
[White "Aquariano"]
[Black "Junior2009"]
[Result "0-1"]
[WhiteElo "1794"]
[BlackElo "1500"]

1. c4 e5 2. d4 exd4 3. Qxd4 Nc6 4. Qd1 Nf6 5. Nf3 Be7 6. Nc3 d6 7. e3 Be6 8. Bd3
O-O 9. Qb3 Na5 10. O-O Nxb3 0-1

[Event "Challenge"]
[Site "http://www.queenalice.com/game.php?id=598147"]
[Date "2009.6.4"]
[Round "-"]
[White "Junior2009"]
[Black "EliasOliveira28"]
[Result "1-0"]
[WhiteElo "1847"]
[BlackElo "1809"]

1. e4 e5 2. f4 exf4 3. Nf3 g5 4. Bc4 g4 5. O-O gxf3 6. Qxf3 Qe7 7. d4 Bg7 8.
Bxf7+ Qxf7 9. Bxf4 Bxd4+ 10. Kh1 Bxb2 11. Nc3 Bxa1 12. Nd5 1-0

[Event "Seu Rei cairá !"]
[Site "http://www.queenalice.com/game.php?id=598155"]
[Date "2009.6.4"]
[Round "-"]
[White "Junior2009"]
[Black "My_King_Wins"]
[Result "1-0"]
[WhiteElo "1968"]
[BlackElo "1984"]

1. c4 e6 2. e3 Nf6 3. Nf3 b6 4. Be2 Bb7 5. O-O d5 6. d4 Bd6 7. Nc3 O-O 8. b3
Nbd7 9. Bb2 Qe7 10. Nb5 Ne4 11. Nxd6 cxd6 12. Nd2 Ndf6 13. f3 Nxd2 14. Qxd2 dxc4
15. Bxc4 d5 16. Bd3 Rfc8 17. Rae1 Rc7 18. e4 Rac8 19. e5 Ne8 20. f4 g6 21. Re3
f6 22. exf6 Nxf6 23. f5 Ne4 24. Bxe4 dxe4 25. fxg6 Rc2 26. gxh7+ Kh8 27. d5+ e5
28. Qb4 Qxb4 29. Bxe5+ Kxh7 30. Rh3+ Kg6 31. Rf6+ Kg5 32. Rg3+ Kh5 33. Rf5+ Kh6
34. Bg7+ Kh7 35. Rh5+ 1-0

[Event "Challenge"]
[Site "http://www.queenalice.com/game.php?id=598172"]
[Date "2009.6.4"]
[Round "-"]
[White "garca"]
[Black "Junior2009"]
[Result "1-0"]
[WhiteElo "1854"]
[BlackElo "1917"]

1. e4 c5 2. Nc3 d6 3. h3 Nf6 4. d3 g6 5. Bd2 Bg7 6. Qc1 h6 7. Be2 O-O 8. Bxh6 e5
9. Bxg7 Kxg7 10. Qg5 Nc6 11. h4 Nh7 12. Qxd8 Rxd8 13. h5 gxh5 14. Rxh5 Be6 15.
O-O-O Nd4 16. Kd2 b5 17. Nd5 Bxd5 18. exd5 Nxe2 19. Kxe2 Kg6 20. Rh1 f5 21. c4
Nf6 22. b3 Rab8 23. Nf3 bxc4 24. dxc4 Ne4 25. Nh4+ Kf6 26. Rd3 Rh8 27. Rf3 f4
28. Rfh3 Ng5 29. R3h2 Ne4 30. Rh3 Ng5 31. Rc3 a5 32. Rcc1 a4 33. Rb1 Ne4 34. Ke1
Nc3 35. Rb2 Ne4 36. Kf1 Rb7 37. Kg1 Rhb8 38. Rh3 Ng5 39. Rd3 Nf7 40. Nf3 Nh6 41.
Nd2 Ng4 42. f3 Ne3 43. Nf1 Nxf1 44. Kxf1 Rg8 45. Rdd2 axb3 46. axb3 Kg5 47. Rd1
Rh7 48. Kf2 Rh2 49. Ra2 Kh4 50. Rg1 Rb8 51. Rb2 Rb4 52. Ra1 Kg5 53. Ra4 Rb8 54.
b4 cxb4 55. Raxb4 Rg8 56. Rb6 Kf5 57. Kg1 Rh6 58. c5 Rc8 59. c6 Rh7 60. Rb8 Rxb8
61. Rxb8 Rc7 62. Rb7 Rc8 63. Kf2 Kf6 64. g4 Kg5 65. Rd7 1-0

[Event "AUTO-MASTER-819"]
[Site "http://www.queenalice.com/game.php?id=598196"]
[Date "2009.6.4"]
[Round "1"]
[White "Junior2009"]
[Black "Bigorna"]
[Result "0-1"]
[WhiteElo "1700"]
[BlackElo "1910"]

1. d4 e6 2. Nf3 d5 3. c4 c6 4. e3 Nf6 5. Nc3 Bb4 6. Be2 O-O 7. O-O Qc7 8. Qc2
Bd6 9. h3 b6 10. b3 Nbd7 11. Bb2 Re8 12. e4 Nxe4 13. Nxe4 dxe4 14. Qxe4 Nf6 15.
Qe3 a6 16. c5 Bf4 17. Qd3 b5 18. Rfe1 b4 19. d5 cxd5 20. Bxf6 gxf6 21. Rac1 Bxc1
22. Rxc1 e5 23. Qe3 e4 24. Nh2 a5 25. Bb5 Re5 26. Qh6 Rg5 27. Qxf6 Rf5 28. Qd4
Rg5 29. Be2 Bxh3 30. g3 h5 31. f4 exf3 32. Qh4 Rxg3+ 33. Kf2 fxe2 34. Kxe2 Rg2+
35. Kd3 Qxh2 36. Qe1 Bf5+ 37. Kd4 Qf4+ 38. Kxd5 Rd8+ 0-1

[Event "AUTO-MASTER-819"]
[Site "http://www.queenalice.com/game.php?id=598197"]
[Date "2009.6.4"]
[Round "1"]
[White "Bigorna"]
[Black "Junior2009"]
[Result "1-0"]
[WhiteElo "1920"]
[BlackElo "2093"]

1. e4 c5 2. Bc4 d6 3. Bb5+ Bd7 4. Bxd7+ Qxd7 5. Nf3 Nc6 6. O-O Nf6 7. Re1 e5 8.
b3 Be7 9. Bb2 O-O 10. Nc3 d5 11. d3 a6 12. a4 d4 13. Ne2 b5 14. axb5 axb5 15. c3
Rxa1 16. Bxa1 Bd6 17. c4 bxc4 18. bxc4 Nb4 19. Ng3 Bc7 20. Bb2 Ba5 21. Bc1 Ra8
22. Nxe5 Qe7 23. Ng4 Nxg4 24. Qxg4 f6 25. Nf5 Qc7 26. Bh6 g6 27. h4 Nxd3 28. Rd1
Ne5 29. Qg3 Nxc4 30. Qb3 Qf7 31. Qg3 Bc7 32. Qg4 Ra3 33. Ng3 Bxg3 34. fxg3 Qc7
35. Qe6+ Kh8 36. Qe8# 1-0

[Event "Challenge"]
[Site "http://www.queenalice.com/game.php?id=601455"]
[Date "2009.6.10"]
[Round "-"]
[White "Junior2009"]
[Black "Chess_Divine"]
[Result "0-1"]
[WhiteElo "1998"]
[BlackElo "1833"]

1. e4 c5 2. Nf3 d6 3. d4 cxd4 4. Nxd4 Nf6 5. Nc3 e5 6. Nb3 Be6 7. Be2 a6 8. Be3
Nbd7 9. Qd2 Be7 10. O-O O-O 11. Nd5 Bxd5 12. exd5 b5 13. c3 Nb6 14. Bf3 Nc4 15.
Qd3 Nxb2 16. Qf5 Nc4 17. Bg5 Nxd5 18. Bxd5 Bxg5 19. Bxc4 bxc4 20. Na5 Qxa5 21.
Qxg5 Qxc3 0-1

[Event "Challenge"]
[Site "http://www.queenalice.com/game.php?id=605713"]
[Date "2009.6.18"]
[Round "-"]
[White "GM_EliasJr"]
[Black "Junior2009"]
[Result "1-0"]
[WhiteElo "1592"]
[BlackElo "1758"]

1. e4 e5 2. Nf3 Nc6 3. Bc4 Bc5 4. c3 Nf6 5. d4 exd4 6. cxd4 Bb4+ 7. Nc3 Nxe4 8.
O-O Bxc3 9. d5 Bf6 10. Re1 Ne7 11. Rxe4 d6 12. Bg5 Bxg5 13. Nxg5 h6 14. Qe2 hxg5
15. Re1 Be6 16. dxe6 f6 17. Re3 d5 18. Rh3 Rxh3 19. gxh3 Ng8 20. Qh5+ Ke7 21.
Qf7+ Kd6 22. e7 Nxe7 23. Qe6+ Kc5 24. Bf1 Nc6 25. Rc1+ Kb6 26. Qe3+ d4 27. Qb3+
Ka5 28. Qb5# 1-0